Chemical evolution from zero to high redshift (Record no. 14009)
[ view plain ]
| 000 -LEADER | |
|---|---|
| fixed length control field | 00991nam a2200229Ia 4500 |
| 003 - CONTROL NUMBER IDENTIFIER | |
| control field | IN-BaIIA |
| 008 - FIXED-LENGTH DATA ELEMENTS--GENERAL INFORMATION | |
| fixed length control field | 211028s9999 xx 000 0 eng d |
| 020 ## - INTERNATIONAL STANDARD BOOK NUMBER | |
| International Standard Book Number | 3-540-66370-3 |
| 040 ## - CATALOGING SOURCE | |
| Transcribing agency | IIA Library |
| 080 ## - UNIVERSAL DECIMAL CLASSIFICATION NUMBER | |
| Universal Decimal Classification number | 52 |
| Item number | CHE |
| 111 ## - MAIN ENTRY--MEETING NAME | |
| Meeting name or jurisdiction name as entry element | ESO Workshop on Chemical Evolution from Zero to High Redshift |
| Location of meeting | Garching, Germany |
| Date of meeting or treaty signing | 1998 Oct. 14-16 |
| 9 (RLIN) | 24544 |
| 245 #0 - TITLE STATEMENT | |
| Title | Chemical evolution from zero to high redshift |
| Remainder of title | proceedings of the ESO workshop on chemical evolution from zero to high redshift, held at Garching, Germany, 14-16 October. 1998 |
| Statement of responsibility, etc. | edited by Jeremy R. Walsh and Michael R. Rosa |
| 260 ## - PUBLICATION, DISTRIBUTION, ETC. | |
| Place of publication, distribution, etc. | Berlinrk |
| Name of publisher, distributor, etc. | Springer-Verlag |
| Date of publication, distribution, etc. | 1999 |
| 300 ## - PHYSICAL DESCRIPTION | |
| Extent | xviii, 312p. |
| 490 ## - SERIES STATEMENT | |
| Series statement | ESO astrophysics symposia |
| 650 ## - SUBJECT ADDED ENTRY--TOPICAL TERM | |
| Topical term or geographic name entry element | Astronomy |
| 9 (RLIN) | 80 |
| 650 ## - SUBJECT ADDED ENTRY--TOPICAL TERM | |
| Topical term or geographic name entry element | Chemical evolution |
| 9 (RLIN) | 15336 |
| 650 ## - SUBJECT ADDED ENTRY--TOPICAL TERM | |
| Topical term or geographic name entry element | Redshift |
| 9 (RLIN) | 8391 |
| 700 ## - ADDED ENTRY--PERSONAL NAME | |
| Personal name | Rosa, Michael R., ed. |
| 9 (RLIN) | 24545 |
| 700 ## - ADDED ENTRY--PERSONAL NAME | |
| Personal name | Walsh, Jeremy R., ed. |
| 9 (RLIN) | 24546 |
| 942 ## - ADDED ENTRY ELEMENTS (KOHA) | |
| Koha item type | Books |
| Withdrawn status | Lost status | Damaged status | Not for loan | Home library | Current library | Shelving location | Date acquired | Source of acquisition | Cost, normal purchase price | Total Checkouts | Full call number | Barcode | Date last seen | Cost, replacement price | Price effective from | Koha item type | Purchase Price |
|---|---|---|---|---|---|---|---|---|---|---|---|---|---|---|---|---|---|
| IIA Library-Bangalore | IIA Library-Bangalore | General Stacks | 29/03/2001 | ANJ | 1536.80 | 52/ CHE | 14929 | 05/11/2021 | 1536.80 | 29/03/2001 | Books | Rs. 1536.80 |